Exekutivní vládnutí jako nový model politiky v Evropské unii? Krizová politika EU a její dopady na politický systém
Internacionalizácia európskeho práva ako dôsledok krízy. Posilnenie postavenia Európskej rady v inštitucionálnej architektúre EÚ. Krízová politika a výnimočný stav. Administratívno-exekutívne vládnutie.
Salvato in:
| Autore principale: | |
|---|---|
| Natura: | Capitolo di libro |
| Lingua: | ceco |
| Soggetti: | |
| Tags: |
Nessun Tag, puoi essere il primo ad aggiungerne!!
|
MARC
| LEADER | 00000naa a2200000 4500 | ||
|---|---|---|---|
| 001 | 0197459 | ||
| 005 | 20231208075802.6 | ||
| 041 | 0 | |a cze | |
| 044 | |a CZ | ||
| 245 | 1 | 0 | |a Exekutivní vládnutí jako nový model politiky v Evropské unii? Krizová politika EU a její dopady na politický systém |c Vojtěch Belling |
| 520 | |a Internacionalizácia európskeho práva ako dôsledok krízy. Posilnenie postavenia Európskej rady v inštitucionálnej architektúre EÚ. Krízová politika a výnimočný stav. Administratívno-exekutívne vládnutie. | ||
| 610 | 2 | 0 | |a Európska únia |
| 610 | 2 | 0 | |a Európska rada |
| 610 | 2 | 0 | |a vzťahy medzinárodné |
| 610 | 2 | 0 | |a politika medzinárodná |
| 610 | 2 | 0 | |a riadenie |
| 610 | 2 | 0 | |a rozhodovanie |
| 610 | 2 | 0 | |a právo európske |
| 610 | 2 | 0 | |a kríza hospodárska |
| 610 | 2 | 0 | |a kríza finančná |
| 100 | 1 | |a Belling, Vojtěch | |